000 00292nam a22001337a 4500
008 170223b xxu||||| |||| 00| 0 eng d
020 _a1556422202
041 _aeng
080 _a617
100 _a5
101 _aSHK
245 _aSURGICAL TREATMENT STIGMATISM
_cGILLS.J.P
942 _2udc
_cBK
999 _c6133
_d6133